| 000 | 00506nam a22001577a 4500 | ||
|---|---|---|---|
| 005 | 20250626031023.0 | ||
| 008 | 220302b |||||||| |||| 00| 0 eng d | ||
| 040 | _cIVS | ||
| 082 |
_a746 /RAM _b20672 |
||
| 100 | _aRamsha Aftab Bhatti | ||
| 245 | _aThe impact of digital printing on the craft culture of Sindh | ||
| 260 |
_aKarachi _bIndus Valley School _c2021 |
||
| 300 | _a60 pages | ||
| 856 | _uhttps://drive.google.com/file/d/128adfe4GKB6eUBKpD4Cui8kU7-JkcyC-/view?usp=sharing | ||
| 942 |
_2ddc _cDISS _n0 |
||
| 999 |
_c14349 _d14349 |
||